000
00288nam a22001337a 4500
003
SGT
082
_a
603
_b
C10S
100
_a
SHARMA, H.L
245
_a
CHAUKHAMBHA AYURVEDA SABDKOSH
260
_a
VARANASI
_b
CHAUKHAMBHA
_c
2010
300
_a
339+103
650
_a
DICTIONARY
942
_2
ddc
_c
BK
999
_c
8524
_d
8524